006470000a22001810004500020001500000060000800015082002200023100002000045100004100065245009200106260003700198260000900235300000800244650006700252942000700319999001900326952012000345 a0195626427 a100 a338. 009 548 SAB aRaman Mahadevan aSabyasachi Bhattacharya, Sumit Guaha aSouth indian economy: agrarian change,industrial structure & state policy- C 1914- 1947 aNewyork, Oxford University Press c1991 a292 aCommodity production-south india/commercialization-south india cBK c351680d351680 00104070aKAUCOAVbKAUCOAVd2014-05-02l0o338. 009 548 SABpKAU_COAV-22615r2014-05-02 00:00:00w2014-05-02yBK